20 Largest cities in Austria - Statistics

General Stats
  • This quiz has been taken 57 times
  • The average score is 10 of 20
Answer Stats
Population Answer % Correct
298,479 Graz
100%
1,982,097 Vienna
100%
131,358 Innsbruck
98%
155,169 Salzburg
96%
210,118 LInz
93%
104,332 Klagenfurt am Wörthersee
78%
65,135 Villach
67%
47,878 Wiener Neustadt
59%
57,639 Sankt Pölten
57%
29,620 Bregenz
48%
61,385 Wels
41%
51,222 Dornbirn
39%
37,917 Steyr
33%
35,793 Feldkirch
24%
25,140 Leoben
20%
25,133 Wolfsberg
11%
28,107 Klosterneuburg
9%
26,017 Baden bei Wien
7%
29,129 Leonding
7%
25,006 Traun
7%
No matching quizzes found
Score Distribution
Percent of People with Each Score
Percentile by Number Answered
Your Score History
You have not taken this quiz